Baker Encyclopedia of the Bible / Walter A. Elwell, Editor general (Registro nro. 31607)
[ vista simple ]
| 000 -LÍDER | |
|---|---|
| Campo fijo de descripción fija | 003630000a22001450004500 |
| 020 ## - NÚMERO INTERNACIONAL NORMALIZADO PARA LIBROS | |
| Número Internacional Normalizado del libro | 0-8010-3447-7 |
| 041 0# - CÓDIGO DE IDIOMA | |
| Código de idioma para texto/pista de sonido o título separado | |
| 082 04 - NÚMERO DE CLASIFICACIÓN DECIMAL DEWEY | |
| Número de clasificación | R 220.3 E521b |
| 001 - NÚMERO DE CONTROL | |
| Campo de control | 52 |
| 245 10 - TÍTULO | |
| Título del Material | Baker Encyclopedia of the Bible / Walter A. Elwell, Editor general |
| 260 ## - PUBLICACIÓN, DISTRIBUCIÓN, ETC. (PIE DE IMPRENTA) | |
| Lugar de publicación, distribución, etc. | Grand Rapids, Mi., USA : Baker |
| 300 ## - DESCRIPCIÓN FÍSICA | |
| Extensión | 1079 Pag. |
| 650 14 - ASIENTO SECUNDARIO DE MATERIA - TERMINO TEMÁTICO | |
| Término temático o nombre geográfico como elemento de entrada | BIBLIA - DICCIONARIOS |
| 942 ## - TIPO DE MATERIAL (KOHA) | |
| Tipo de Item KOHA | Libros General |
| Estado de Material | Estado de Perdido | Forma de Clasificación | Estado de Dañado | No para Préstamo | Colección | Tomo | Biblioteca de Origen | Biblioteca Permanente | Fecha de Adquisición | Total de Préstamos | Signatura Topográfica | Código de Barras | Última vez visto | Ejemplar/Existencia | Fecha de Remplazo | Tipo de Material |
|---|---|---|---|---|---|---|---|---|---|---|---|---|---|---|---|---|
| Dewey Decimal Classification | Colección de Referencia | Biblioteca FUSBC | Biblioteca FUSBC | 24/08/2004 | R 220.3 E521b | 7894 | 12/12/2019 | Vol. 1, ej. 1 | 26/01/2016 | Libros de Referencia | ||||||
| Dewey Decimal Classification | Colección de Referencia | Biblioteca FUSBC | Biblioteca FUSBC | 24/08/2004 | R 220.3 E521b | 7895 | 20/04/2022 | Vol. 2, ej. 1 | 26/01/2016 | Libros de Referencia |
